Az egészség- és környezettudatos életmód és a szállodai wellness kínálat közötti összefüggések vizsgálata Duna Relax Wellnesshotel wellness szolgáltatásainak bemutatásán keresztül
| Main Author: | |
|---|---|
| Other Authors: | |
| Format: | Project work |
| Kulcsszavak: | szálláshely-szolgáltatás szállodák termékstratégia turisztika turizmusfejlesztés |
| Online Access: | http://dolgozattar.uni-bge.hu/60218 |
MARC
| LEADER | 00000nnm a2200000 i 4500 | ||
|---|---|---|---|
| 001 | dolg60218 | ||
| 005 | 20260409150142.0 | ||
| 008 | 260409suuuu hu o 000 hun d | ||
| 040 | |a BGE Dolgozattár Repozitórium |b hun | ||
| 041 | |a hu | ||
| 100 | 1 | |a Halgas Fanni | |
| 245 | 1 | 3 | |a Az egészség- és környezettudatos életmód és a szállodai wellness kínálat közötti összefüggések vizsgálata Duna Relax Wellnesshotel wellness szolgáltatásainak bemutatásán keresztül |c Halgas Fanni |h [elektronikus dokumentum] |
| 516 | |a Project_work | ||
| 520 | 3 | |a A szakdolgozatban az egyének egészségtudatos és környezet tudatos gondolkodásmódja és a wellness szállodák termékinnováció, wellness szolgáltatások közötti összefüggéseket vizsgálom. A projektmunka alapjául az általam szerkesztett kérdőívre adott válaszok és a gyakorlati helyemen történő kutatás eredményei szolgálnak. A felmérés alapján az egészség és környezettudatosság növekedése meghatározza az egyének turisztikai preferenciáját is, komplex, a fizikai-szellemi jóllét biztosításához szükséges program csomagokat, személyes és közösségi élményeket keresve. | |
| 695 | |a szálláshely-szolgáltatás | ||
| 695 | |a szállodák | ||
| 695 | |a termékstratégia | ||
| 695 | |a turisztika | ||
| 695 | |a turizmusfejlesztés | ||
| 700 | 1 | |a Bártfai Endre György |e ths | |
| 856 | 4 | 0 | |u http://dolgozattar.uni-bge.hu/60218/1/projekt_dolgozat_3.pdf |z Dokumentum-elérés |
| 856 | 4 | 0 | |u http://dolgozattar.uni-bge.hu/60218/2/lev%C3%A9l.pdf |z Dokumentum-elérés |
| 856 | 4 | 0 | |u http://dolgozattar.uni-bge.hu/60218/3/Halgas%20Fanni_Projektmunka_B%C3%ADr%C3%A1lati%20lap_FOSZK_B%C3%A1rtfai%20Endre.pdf |z Dokumentum-elérés |